Benchmark: Q1 output 2005 by region (Record no. 75525)
[ view plain ]
| 000 -LEADER | |
|---|---|
| fixed length control field | 00617cab a2200169 4500 |
| 001 - CONTROL NUMBER | |
| control field | L130268 |
| 008 - FIXED-LENGTH DATA ELEMENTS--GENERAL INFORMATION | |
| fixed length control field | 050711n2005 000 0 eng u |
| 035 ## - SYSTEM CONTROL NUMBER | |
| System control number | (Sirsi) u130268 |
| 041 ## - LANGUAGE CODE | |
| Language code of text/sound track or separate title | eng |
| 245 ## - TITLE STATEMENT | |
| Title | Benchmark: Q1 output 2005 by region |
| 260 ## - PUBLICATION, DISTRIBUTION, ETC. | |
| Date of publication, distribution, etc. | 2005 |
| 490 ## - SERIES STATEMENT | |
| Series statement | Contract Journal |
| Volume/sequential designation | 429(6530) 22 June 2005, 8(1) |
| 520 ## - SUMMARY, ETC. | |
| Summary, etc. | Business data looking at output from the first quarter 2005 covering housing, infrastructure, other public output, private sector and repair, maintenance and improvement outputs. Tables. |
| 590 ## - LOCAL NOTE (RLIN) | |
| Local note | IKA190705 |
| 690 ## - LOCAL SUBJECT ADDED ENTRY--TOPICAL TERM (OCLC, RLIN) | |
| Topical term or geographic name as entry element | BUILT ENVIRONMENT-CONSTRUCTION MARKET |
| 942 ## - ADDED ENTRY ELEMENTS (KOHA) | |
| Suppress in OPAC | 0 |
| Withdrawn status | Lost status | Source of classification or shelving scheme | Damaged status | Not for loan | Home library | Current library | Shelving location | Date acquired | Total Checkouts | Full call number | Barcode | Date last seen | Copy number | Price effective from | Koha item type |
|---|---|---|---|---|---|---|---|---|---|---|---|---|---|---|---|
| Dewey Decimal Classification | London | London | Journal article | 11/07/2005 | L130268 | 130268-1001 | 06/08/2019 | 1 | 06/08/2019 | Journal article |